Melbourne/Victorian Universities - Statistics

General Stats
  • This quiz has been taken 48 times
  • The average score is 6 of 8
Answer Stats
Council Answer % Correct
Monash Monash University
100%
Melbourne RMIT University
98%
Melbourne University of Melbourne
95%
Whitehorse Deakin University
83%
Maribyrnong Victoria University
78%
Boroondara Swinburne University of Technology
75%
Darebin La Trobe University
68%
Ballarat Federation University
45%
No matching quizzes found
Score Distribution
Percent of People with Each Score
Percentile by Number Answered
Your Score History
You have not taken this quiz